| 000 | 00468pab a2200181 454500 | ||
|---|---|---|---|
| 008 | 180718b2010 xxu||||| |||| 00| 0 eng d | ||
| 100 | _aLee, Sook Jong | ||
| 245 | _aSouth Korea and the antinomies of neo-liberal globalisation: introduction | ||
| 260 | _c2010 | ||
| 300 | _ap.181-87. | ||
| 362 | _aMay | ||
| 650 | _aLiberalism | ||
| 650 | _aGlobalization | ||
| 700 | _aHewison, Kevin | ||
| 773 | _aJournal of Contemporary Asia | ||
| 908 | _aN | ||
| 909 | _a86592 | ||
| 999 |
_c86592 _d86592 |
||